Leaders & the leadership process : readings, self-assessments & applications /

Na minha lista:
Detalhes bibliográficos
Autor principal: Pierce, John L.
Outros Autores: Pierce, Jon L., Newstrom, John W.
Formato: Livro
Publicado em: Boston : McGraw-Hill Irwin, c2008.
Edição:5th ed.
Assuntos:
Acesso em linha:http://www.loc.gov/catdir/enhancements/fy0743/2007036792-d.html
Tags: Adicionar Tag
Sem tags, seja o primeiro a adicionar uma tag!

MARC

LEADER 00000cam a2200000 a 4500
005 20251001121007.0
020 |a 9780073530284   |c TZS 10,000/= 
020 |a 007353028X   |c TZS 10000/= 
040 |a MCCL  |b eng.  |e AACR 2nd rev. ed. 
082 0 0 |a 303.34 PIE 
100 |a Pierce, John L. 
245 0 0 |a Leaders & the leadership process :  |b readings, self-assessments & applications /  |c Jon L. Pierce, John W. Newstrom. 
246 3 |a Leaders and the leadership process 
250 |a 5th ed. 
260 |a Boston :  |b McGraw-Hill Irwin,  |c c2008. 
300 |a xlvi, 530 p. :  |b ill. ;  |c 28 cm. 
504 |a Includes bibliographical references and index. 
650 0 |a Leadership. 
650 0 |a Leadership  |v Case studies. 
650 0 |a Leadership  |v Problems, exercises, etc. 
700 1 |a Pierce, Jon L. 
700 1 |a Newstrom, John W. 
856 4 2 |u http://www.loc.gov/catdir/enhancements/fy0743/2007036792-d.html 
942 |c BK 
999 |c 11519  |d 11519